| 000 | 00510nam a2200169Ia 4500 | ||
|---|---|---|---|
| 008 | 240729s9999 xx 000 0 und d | ||
| 022 | _a2502-7883 | ||
| 245 | 0 | _aJSP: Jurnal Ilmu Sosial dan Ilmu Politik | |
| 260 | _aIndonesia | ||
| 260 | _bUniversitas Gadjah Mada | ||
| 650 | _a Political science (General) | Social Sciences | ||
| 650 | _a Social sciences (General) | ||
| 650 | _aPolitical science | ||
| 856 | _uhttps://doaj.org/toc/cda7b01fc4234ac784f1fc11ff5aa531 | ||
| 942 | _2ddc | ||
| 942 | _cDOAJEJ | ||
| 999 |
_c69840 _d69840 |
||
| 945 |
_a1 _bMadushi Gamage _c1 _dMadushi Gamage |
||